| 000 | 00848nam a2200241 a 4500 | ||
|---|---|---|---|
| 001 | 000027363 | ||
| 003 | DO-SdBNP | ||
| 005 | 20250318152340.0 | ||
| 007 | ta | ||
| 008 | 110331s1978 dr 000 0bspa d | ||
| 040 |
_aDO-SdBNP _bspa _cBNPHU |
||
| 082 | 4 |
_a923.946 _bF363L _222 |
|
| 100 | 1 |
_aLandelfi, Ciriaco _954439 |
|
| 245 | 1 | 0 |
_aGonzalo Fernández de Oviedo y Valdés : _bun dominicano del siglo XVI / _cLandolfi Ciriaco. |
| 260 |
_aSanto Domingo : _bLa Razón, _c1978. |
||
| 300 |
_a119 p. ; _c21 cm. |
||
| 504 | _aBibliografía : p. 115 -117 | ||
| 590 | _aInventariado, 2021 / DG | ||
| 600 | 1 | 4 |
_aFernández de Oviedo y Valdés , Gonzalo, _d1478-1557 _932221 |
| 651 | 4 |
_aAmérica -- _xDescubrimiento y exploración -- _xEspañoles _9544 _vEnsayo, conferencias, etc. |
|
| 910 | _aValidado. Control de calidad. MMOLINA | ||
| 942 |
_2ddc _cLBS1 |
||
| 999 |
_c26855 _d26855 |
||